000 00640nam a2200205Ii 4500
001 11474
003 CO-ViMGA
008 241108s9999||||xx |||||||||||||| ||und||
040 _aCO-ViMGA
_bspa
_erda
_cCO-ViMGA
041 0 _aunk
082 0 4 _aA863.42-S45d
100 1 _aFabio Silva Vallejo
245 1 0 _aAnálisis literario Don Segundo Sombra, Ricardo Güiraldes, Argentina
264 1 _a[Lugar de publicación no identificado] : Esquilo, 1998
300 _avolumen
336 _atext
_btxt
_2rdacontent
337 _aunmediated
_bn
_2rdamedia
338 _avolume
_bnc
_2rdacarrier
940 _aidficha_siabuc: 11200. -- ficha_no_siabuc:11474
999 _c51457
_d51457